| 000 | 01749nam a22003618i 4500 | ||
|---|---|---|---|
| 999 |
_c29332 _d29303 |
||
| 001 | 020196273 | ||
| 003 | EG-ScBUE | ||
| 005 | 20210808112014.0 | ||
| 006 | m|||||o||d|||||||| | ||
| 007 | cr ||||||||||| | ||
| 008 | 210517s2021 enk fo 001 0 eng d | ||
| 020 | _a9781788978262 (PDF ebook) | ||
| 040 |
_aStDuBDS _beng _erda _cStDuBDS _dEG-ScBUE |
||
| 082 | 0 | 4 |
_a347.014 _bSOU _222 |
| 100 | 1 |
_aSourdin, Tania, _eauthor. |
|
| 245 | 1 | 0 |
_aJudges, technology and artificial intelligence : _bthe artificial judge _h[electronic resourse] / _cTania Sourdin, professor of law, dean, University of Newcastle, Australia. |
| 264 | 1 |
_aCheltenham : _bEdward Elgar Publishing, _c2021. |
|
| 300 | _a1 online resource. | ||
| 336 |
_atext _2rdacontent _btxt |
||
| 337 |
_acomputer _2rdamedia _bc |
||
| 338 |
_aonline resource _2rdacarrier _bcr |
||
| 490 | 0 | _aElgar law, technology and society | |
| 500 | _aIncludes index. | ||
| 588 | _aDescription based on print version record and CIP data provided by publisher. | ||
| 650 | 7 |
_aJudges. _2BUEsh _924946 |
|
| 650 | 7 |
_aJustice, Administration of _xTechnological innovations. _2BUEsh |
|
| 650 | 7 |
_aArtificial intelligence. _2BUEsh |
|
| 653 |
_bLLAAWW _cAugust2021 |
||
| 655 |
_vReading book _934232 |
||
| 776 | 0 | 8 |
_iPrint version : _aSourdin, Tania. _tJudges, technology and artificial intelligence : the artificial judge. _dCheltenham : Edward Elgar Publishing, 2021. _z9781788978255 _w(DLC) 1227693508 |
| 856 | 4 | 0 |
_uhttps://ezproxy.bue.edu.eg/login?url=http://search.ebscohost.com/login.aspx?direct=true&db=nlebk&AN=2938119&site=eds-live&ebv=EB&ppid=pp_306 _yhttps://ezproxy.bue.edu.eg/login?url=http://search.ebscohost.com/login.aspx?direct=true&db=nlebk&AN=2938119&site=eds-live&ebv=EB&ppid=pp_306 |
| 942 |
_2ddc _cBB |
||